000 00606nam a2200229Ia 4500
003 OSt
005 20220924124732.0
006 a|||||r|||| 00| 0
007 ta
008 220923b |||||||| |||| 00| 0 urd d
024 _a323727
037 _cTextual
040 _aARTS
_cARTS
_burd
041 _2urd
_aurd
082 _aWxM06,1, 168L8
100 _aMill J.S. Au.
_9196829
245 0 _aAazadi
260 _aNew Delhi
_b Taraqqi urdu board India
_c1978
650 _aPOLITICAL SCIENCE
942 _hWxM06,1, 168L8
_cTEXL
_2CC
999 _c420759
_d420759